Vista normal
Vista MARC
Entrada Personal Name
Número de registros utilizados en: 1
001 - CONTROL NUMBER
- control field: 13662
003 - CONTROL NUMBER IDENTIFIER
- control field: DLC
005 - DATE AND TIME OF LATEST TRANSACTION
- control field: 20230124154845.0
008 - FIXED-LENGTH DATA ELEMENTS
- fixed length control field: 220622n| azannaabn |a aaa
010 ## - LIBRARY OF CONGRESS CONTROL NUMBER
- LC control number: n 2022032219
040 ## - CATALOGING SOURCE
- Original cataloging agency: DLC
- Language of cataloging: spa
- Description conventions: rda
- Transcribing agency: Mx-PuUPA
- Modifying agency: Mx-PuUPA
100 1# - HEADING--PERSONAL NAME
- Personal name: Sánchez Aviña, José Guadalupe,
370 ## - ASSOCIATED PLACE
- Associated country: México
- Source of term: naf
372 ## - FIELD OF ACTIVITY
- Field of activity: Educación
- Source of term: lcsh
373 ## - ASSOCIATED GROUP
- Associated group: Sistema Universitario Jesuita
373 ## - ASSOCIATED GROUP
- Associated group: Universidad Iberoamericana Puebla
- Source of term: naf
373 ## - ASSOCIATED GROUP
- Associated group: Universidad Nacional Autónoma de México
- Source of term: naf
374 ## - OCCUPATION
- Occupation: Educador
- Occupation: Autor
- Source of term: lcsh
375 ## - GENDER
- Gender: hombre
377 ## - ASSOCIATED LANGUAGE
- Language code: spa
400 1# - SEE FROM TRACING--PERSONAL NAME
- Personal name: Aviña, José Guadalupe Sánchez
670 ## - SOURCE DATA FOUND
- Source citation: Reflexiones sobre investigación educativa en la región Centro Sur desde sus actores, 2020:
- Information found: title page (José Guadalupe Sánchez Aviña) p. 97-98 (doctorate in education from the Programa Interinstitucional en Educación of the Sistema Universitario Jesuita; master's in educational research from Univ. Iberoamericana Puebla; licentiate in sociology from UNAM; coordinator of the master's programs in education at Univ. Iberoamericana Puebla)